<?xml version="1.0" encoding="UTF-8"?>
<record
    xmlns:xsi="http://www.w3.org/2001/XMLSchema-instance"
    xsi:schemaLocation="http://www.loc.gov/MARC21/slim http://www.loc.gov/standards/marcxml/schema/MARC21slim.xsd"
    xmlns="http://www.loc.gov/MARC21/slim">

  <leader>01396nas1a22002651i 4500</leader>
  <controlfield tag="001">RU\NLR\Per\638395</controlfield>
  <controlfield tag="005">20240921132100.0</controlfield>
  <datafield tag="035" ind1=" " ind2=" ">
    <subfield code="a">(NLR Aleph) 002888201</subfield>
  </datafield>
  <datafield tag="090" ind1=" " ind2=" ">
    <subfield code="a">3339986</subfield>
    <subfield code="c">3339986</subfield>
  </datafield>
  <datafield tag="100" ind1=" " ind2=" ">
    <subfield code="a">20091026a20069999|||y0rusy50      ca</subfield>
  </datafield>
  <datafield tag="101" ind1="0" ind2=" ">
    <subfield code="a">rus</subfield>
  </datafield>
  <datafield tag="102" ind1=" " ind2=" ">
    <subfield code="a">RU</subfield>
  </datafield>
  <datafield tag="110" ind1=" " ind2=" ">
    <subfield code="a">zu|||||||||</subfield>
  </datafield>
  <datafield tag="200" ind1="1" ind2=" ">
    <subfield code="a">&#x41E;&#x440;&#x435;&#x43D;&#x431;&#x443;&#x440;&#x433;&#x441;&#x43A;&#x438;&#x439; &#x441;&#x43B;&#x430;&#x432;&#x44F;&#x43D;&#x441;&#x43A;&#x438;&#x439; &#x431;&#x430;&#x437;&#x430;&#x440;</subfield>
    <subfield code="e">&#x41E;&#x440;&#x435;&#x43D;&#x431;&#x443;&#x440;&#x433;&#x441;&#x43A;&#x430;&#x44F; &#x441;&#x442;&#x430;&#x440;&#x438;&#x43D;&#x430;</subfield>
    <subfield code="e">&#x438;&#x441;&#x442;&#x43E;&#x440;&#x438;&#x43A;&#x43E;-&#x43A;&#x440;&#x430;&#x435;&#x432;&#x435;&#x434;&#x447;&#x435;&#x441;&#x43A;&#x438;&#x439; &#x436;&#x443;&#x440;&#x43D;&#x430;&#x43B;</subfield>
    <subfield code="e">&#x434;&#x43B;&#x44F; &#x442;&#x435;&#x445; &#x43A;&#x442;&#x43E; &#x43B;&#x44E;&#x431;&#x438;&#x442; &#x441;&#x432;&#x43E;&#x439; &#x43A;&#x440;&#x430;&#x439;</subfield>
  </datafield>
  <datafield tag="210" ind1=" " ind2=" ">
    <subfield code="a">&#x41E;&#x440;&#x435;&#x43D;&#x431;&#x443;&#x440;&#x433;</subfield>
    <subfield code="c">[&#x431;. &#x438;.]</subfield>
    <subfield code="d">2009 -</subfield>
  </datafield>
  <datafield tag="515" ind1="1" ind2=" ">
    <subfield code="a">&#x421;&#x43B;&#x430;&#x432;&#x44F;&#x43D;&#x441;&#x43A;&#x438;&#x439; &#x431;&#x430;&#x437;&#x430;&#x440;</subfield>
  </datafield>
  <datafield tag="517" ind1="1" ind2=" ">
    <subfield code="a">&#x41E;&#x440;&#x435;&#x43D;&#x431;&#x443;&#x440;&#x433;&#x441;&#x43A;&#x430;&#x44F; &#x441;&#x442;&#x430;&#x440;&#x438;&#x43D;&#x430;</subfield>
  </datafield>
  <datafield tag="606" ind1="1" ind2=" ">
    <subfield code="a">&#x41A;&#x440;&#x430;&#x435;&#x432;&#x435;&#x434;&#x435;&#x43D;&#x438;&#x435; &#x438;&#x441;&#x442;&#x43E;&#x440;&#x438;&#x447;&#x435;&#x441;&#x43A;&#x43E;&#x435;</subfield>
    <subfield code="j">&#x41F;&#x435;&#x440;&#x438;&#x43E;&#x434;&#x438;&#x447;&#x435;&#x441;&#x43A;&#x438;&#x435; &#x438;&#x437;&#x434;&#x430;&#x43D;&#x438;&#x44F;</subfield>
    <subfield code="y">&#x41E;&#x440;&#x435;&#x43D;&#x431;&#x443;&#x440;&#x433;&#x441;&#x43A;&#x430;&#x44F; &#x43E;&#x431;&#x43B;&#x430;&#x441;&#x442;&#x44C;</subfield>
    <subfield code="9">2497908</subfield>
    <subfield code="3">RU\NLR\AUTH\661481707</subfield>
  </datafield>
  <datafield tag="686" ind1="1" ind2=" ">
    <subfield code="a">&#x422;3(2&#x420;-4&#x41E;&#x440;)&#x44F;54</subfield>
  </datafield>
  <datafield tag="852" ind1=" " ind2=" ">
    <subfield code="a">NLR</subfield>
    <subfield code="j">&#x41F;23/7710</subfield>
  </datafield>
  <datafield tag="942" ind1=" " ind2=" ">
    <subfield code="c">SE</subfield>
  </datafield>
  <datafield tag="980" ind1=" " ind2=" ">
    <subfield code="a">RUSPER</subfield>
  </datafield>
</record>
